| 000 -ლიდერი |
| ფიქსირებული სიგრძის საკონტროლო ველი |
01698nam a2200301Ia 4500 |
| 001 - საკონტროლო ნომერი |
| საკონტროლო ველი |
23307 |
| 003 - საკონტროლო ნომრის იდენტიფიკატორი |
| საკონტროლო ველი |
GE_BSU |
| 005 - ბოლო ოპერაციის თარიღი და დრო |
| საკონტროლო ველი |
20251208155912.0 |
| 008 - ფიქსირებული სიგრძის მონაცემთა ელემენტები - ზოგადი ინფორმაცია |
| ფიქსირებული სიგრძის საკონტროლო ველი |
181216s1979||||ge |||||||||||||| ||geo|| |
| 040 ## - კატალოგიზაციის წყარო |
| Transcribing agency |
GE_BSU |
| 041 ## - ენის კოდი |
| Language code of text/sound track or separate title |
geo |
| 080 ## - უნივერსალური ათობითი კლასიფიკაციის ინდექსი |
| Universal Decimal Classification number |
94(55) + 32(55) + 008(55) + 338(55) + 316.42(55) კ-49 |
| 100 ## - მთავარი ჩანაწერი - პიროვნების სახელი |
| Personal name |
კიკნაძე, ოთარ |
| 9 (RLIN) |
22475 |
| 245 ## - ცნობა სათაურის შესახებ |
| Title |
ირანი : ისტორიულ-პოლიტიკური, კულტურული და სოციალურ-ეკონომიკური ნარკვევი / |
| Statement of responsibility, etc |
ოთარ კიკნაძე ; საქ. სსრ მეცნ. აკად. საზ. მეცნ. დარგში სამეცნ. ინფორმ. სექტორი. |
| 250 ## - გამოცემის ცნობა |
| Edition statement |
|
| 264 ## - წარმოების, გამოცემის, დისტრიბუციის და სხვა ცნობები |
| გამოცემის, წარმოების, დისტრიბუციის... ადგილი |
თბილისი : |
| გამოცემის, წარმოების, დისტრიბუციის... სახელწოდება |
მეცნიერება, |
| გამოცემის, წარმოების, დისტრიბუციის... თარიღი |
1979. |
| 300 ## - ფიზიკური აღწერა |
| Extent |
261 გვ. ; |
| Dimensions |
22 სმ. |
| 500 ## - ზოგადი შენიშვნა |
| General note |
გამოწ. ლიტ-რა და წყაროები: გვ. 250-259 |
| 653 ## - INDEX TERM--UNCONTROLLED |
| Uncontrolled term |
ირანი : ისტ.-პოლიტ. კულტ. და სოც.-ეკონ. ნარკვევი |
| 653 ## - INDEX TERM--UNCONTROLLED |
| Uncontrolled term |
ირანის ისტორია |
| 653 ## - INDEX TERM--UNCONTROLLED |
| Uncontrolled term |
ირანის პოლიტიკა |
| 653 ## - INDEX TERM--UNCONTROLLED |
| Uncontrolled term |
ირანის კულტურა |
| 653 ## - INDEX TERM--UNCONTROLLED |
| Uncontrolled term |
ირანის სოციალური განვითარება |
| 653 ## - INDEX TERM--UNCONTROLLED |
| Uncontrolled term |
ირანის ეკონომიკა |
| 710 ## - ADDED ENTRY--CORPORATE NAME |
| Corporate name or jurisdiction name as entry element |
საქ. სსრ მეცნ. აკადემია |
| Subordinate unit |
საზ. მეცნ. დარგში სამეცნ. ინფორმ. სექტორი |
| 9 (RLIN) |
26385 |
| 942 ## - ADDED ENTRY ELEMENTS (KOHA) |
| Koha item type |
წიგნი |
| Source of classification or shelving scheme |
|